Pętle Tramwajowe W Warszawie - Statystyki

Ogólne statystyki
  • Ten quiz został rozwiązany 126 razy
  • Średni wynik to 19 z 28
Statystyki odpowiedzi
Linie Pętla % Poprawnych
1,3,25 Annopol
87%
2,6,26,33 Metro Młociny
84%
1,14,25 Banacha
82%
3,6,9,24 Gocławek
81%
2,17 Winnica
81%
9,22,26 Wiatraczna
80%
4,10,35 Wyścigi
80%
18,20 Żerań FSO
80%
7 Kawęczyńska-Bazylika
77%
7,9,15 P+R Aleja Krakowska
76%
20 Boernerowo
75%
23,24 Nowe Bemowo
74%
22 Piaski
74%
17,18,37 PKP Służewiec
72%
1,9 Plac Narutowicza
72%
33 Kielecka
71%
1,4 Żerań Wschodni
69%
2 Tarchomin Kościelny
65%
23 Czynszowa
63%
15 Marymont-Potok
60%
17,27 Metro Marymont
60%
14 Metro Wilanowska
58%
13,27 Cmentarz Wolski
55%
28 Dworzec Wschodni (Kijowska)
54%
10,28 Os. Górczewska
49%
31 Metro Wierzbno
46%
11 Koło
43%
11 Rondo Daszyńskiego
27%
Nie znaleziono quizów pasujących do podanych kryteriów
Rozkład punktacji
Procent ludzi z każdym wynikiem
Percentyl według liczby udzielonych odpowiedzi
Twoja historia wyników
Nie rozwiązałeś tego quizu